[Event "Iona Tech Masters"]
[Site "Kilkenny"]
[Date "1998.11.29"]
[Round "6"]
[White "Hon, Andrew"]
[Black "Turner, Matthew"]
[Result "0-1"]
[WhiteElo "2210"]
[BlackElo "2475"]

1.e4 c5 2.Nf3 Nc6 3.Nc3 g6 4.d4 cxd4 5.Nxd4 Bg7 6.Be3 Nf6 7.Bc4 O-O 8.Bb3 a5
9.a4 Ng4 10.Qxg4 Nxd4 11.Qh4 Nxb3 12.cxb3 Bf6 13.Qg3 d6 14.O-O Be6 15.Ra3 Rc8
16.Bh6 Re8 17.Qe3 Rc6 18.Qd2 Qc8 19.Nd1 Qc7 20.Ne3 Rc8 21.Re1 Qb6 22.Raa1 Qxb3
23.Qxa5 Ra6 24.Qd2 Rxa4 25.Rxa4 Qxa4 26.f3 Qd4  0-1

[Event "Iona Tech Masters"]
[Site "Kilkenny"]
[Date "1998.11.29"]
[Round "6"]
[White "Conquest, Stuart"]
[Black "Gormally, Daniel"]
[Result "1-0"]
[WhiteElo "2490"]
[BlackElo "2400"]

1.e4 c5 2.Nc3 Nc6 3.Nf3 Nf6 4.Bb5 e5 5.Bxc6 bxc6 6.Nxe5 Qe7 7.Nf3 Nxe4 8.O-O Nxc3
9.dxc3 d5 10.Re1 Be6 11.Ng5 Qf6 12.Qe2 Bd6 13.Nxe6 fxe6 14.Bg5 Qg6 15.Qxe6+ Qxe6
16.Rxe6+ Kd7 17.Rae1 Rae8 18.Rxe8 Rxe8 19.Rxe8 Kxe8 20.g4 Kd7 21.Kg2 Ke6
22.h3 a6 23.Kf3 g6 24.b3 Be5 25.c4 Bd6 26.Bh6 Be7 27.Ke3 Bd6 28.Bg7 Kf7 29.Bh8 g5
30.Kd3 Ke6 31.Bg7 Kf7 32.Bc3 Ke6 33.Bd2 Be7 34.Ba5 Ke5 35.Bc7+ Ke6 36.Bb8 Bf6
37.Ke3 Bd4+ 38.Kf3 Bf6 39.Kg3 Bd4 40.f3 Bf6 41.h4 h6 42.f4 gxf4+ 43.Bxf4 Bg7
44.h5 Bf8 45.Kf3 Bg7 46.Bc7 Bf6 47.Bf4 Bg7 48.Be3 Bf8 49.Bd2 Ke5 50.Bc3+ Ke6
51.Bh8 Kf7 52.Kf4 Ke6 53.g5 Bd6+ 54.Kg4  1-0

[Event "NRW-Liga I 9899"]
[Site "GER"]
[Date "1998.12.03"]
[Round "3"]
[White "Baumhus, Reinhard"]
[Black "Buscher, Michael"]
[Result "1/2-1/2"]
[WhiteElo "2330"]
[BlackElo "2315"]

1.e4 c5 2.Nc3 Nc6 3.Nge2 d6 4.g3 g6 5.Bg2 Bg7 6.O-O e6 7.d3 Nge7 8.Be3 Nd4
9.Rb1 Qa5 10.a3 Bd7 11.b4 Qc7 12.e5 Bxe5 13.bxc5 Nxe2+ 14.Nxe2 Bc6 15.Bxc6+ Qxc6
16.Nd4 Bxd4 17.Bxd4 O-O 18.cxd6 Qxd6 19.Rxb7 Qxd4 20.Rxe7 Qd6 21.Rb7 Qxa3
22.Qa1 Qxa1 23.Rxa1 Rfc8 24.c4 a5 25.Kf1 e5 26.Rb5 e4 27.Ke2 exd3+ 28.Kxd3 a4
29.Ra3 Rd8+ 30.Kc3 Rd1 31.Rb4 Rc1+ 32.Kd2 Rf1 33.Ke2 Rc1 34.Rbxa4 Rc8 35.Kd3 Rd8+
36.Ke2 Rc8 37.Kd3 Rd8+ 38.Ke3 Rc8 39.Kd4 Rd8+ 40.Kc5 Rc8+  1/2-1/2

[Event "BEL-chT9899"]
[Site "Antwerp"]
[Date "1998.12.06"]
[Round "4"]
[White "Van Mechelen, Jan"]
[Black "Luminet, Denis"]
[Result "0-1"]
[WhiteElo "2263"]
[BlackElo "2285"]

1.e4 c5 2.Nf3 Nc6 3.Nc3 e6 4.Bb5 Nge7 5.O-O a6 6.Bxc6 Nxc6 7.d4 cxd4 8.Nxd4 Be7
9.Be3 O-O 10.Qg4 Ne5 11.Qe2 b5 12.Rad1 Bb7 13.f4 Nc4 14.Bc1 Rc8 15.Rd3 b4
16.Nd1 Qa5 17.Nf2 Qxa2 18.Rh3 g6 19.Ng4 Nd6 20.f5 Nxe4 21.Nb3 f6 22.fxg6 hxg6
23.Rf4 Ng5 24.Rh6 Qxb3 25.cxb3 Rxc1+ 26.Rf1 Rfc8 27.Nxf6+ Kg7 28.Ng4 Be4
29.h4 R8c2 30.hxg5 Rxe2 31.Rxc1 Rxg2+ 32.Kf1 Rxg4 33.Rc7 Bc6 34.Rh2 Bd6  0-1

[Event "BL9899 (Women)"]
[Site "Germany"]
[Date "1998.12.06"]
[Round "6.3"]
[White "Burchardt, Brigitte"]
[Black "Litinskaya, Marta I"]
[Result "1-0"]
[WhiteElo "2245"]
[BlackElo "2390"]

1.e4 c5 2.Nc3 Nc6 3.Nf3 d6 4.g3 g6 5.Bg2 Bg7 6.O-O e6 7.d3 Nge7 8.Be3 Nd4
9.Qd2 Nxf3+ 10.Bxf3 Nc6 11.Bg2 O-O 12.Bh6 Bxh6 13.Qxh6 Nd4 14.Qd2 Rb8 15.Nd1 b5
16.c3 Nc6 17.Ne3 e5 18.f4 f6 19.Rf2 Rb7 20.Bf3 Rbf7 21.Bg4 Bd7 22.Raf1 Qc8
23.f5 g5 24.h4 gxh4 25.gxh4 Rg7 26.Kh1 Kh8 27.Bd1 Be8 28.Ng4 Ne7 29.Rg2 Ng8
30.Rfg1 Qc7 31.Ne3 Rxg2 32.Qxg2 Bc6 33.Bb3 Nh6 34.Be6 c4 35.dxc4 bxc4 36.Ng4  1-0

[Event "SVK-chT2A 9899"]
[Site "SVK"]
[Date "1998.12.06"]
[Round "6"]
[White "Kovacocy, Pavol"]
[Black "Cvicela, Anton"]
[Result "1/2-1/2"]
[WhiteElo "2220"]
[BlackElo "2175"]

1.e4 c5 2.Nc3 Nc6 3.Nf3 Nf6 4.d4 d5 5.exd5 Nxd5 6.Nxd5 Qxd5 7.Be3 cxd4 8.Nxd4 Qa5+
9.c3 Nxd4 10.Qxd4 e5 11.Qd3 Be6 12.Qb5+ Qxb5 13.Bxb5+ Bd7 14.Bxd7+ Kxd7 15.Ke2 Be7
16.Rhd1+ Kc6 17.Rd2 f5 18.f3 Rad8 19.Rad1 a6 20.Rxd8 Rxd8 21.Rxd8 Bxd8 22.Kd3 Be7
23.c4 Bc5 24.Bxc5 Kxc5 25.a3 a5 26.b3 a4 27.b4+ Kd6 28.c5+ Kd5 29.g4 fxg4
30.fxg4 e4+ 31.Kd2 Kd4 32.g5 g6 33.Ke2 e3 34.Ke1 Ke4 35.Ke2 Kd4 36.h3 Ke4
37.b5 Kd5 38.c6 bxc6 39.bxc6 Kxc6 40.Kxe3 Kd5 41.Kd3 Ke5 42.Kc4 Kf4 43.Kb4 Kxg5
44.Kxa4 Kh4 45.Kb5 g5 46.a4 Kxh3 47.a5 g4 48.a6 g3 49.a7 g2 50.a8=Q g1=Q
51.Qf3+ Kh4 52.Qe4+ Qg4 53.Qxh7+  1/2-1/2

[Event "Budapest FS12 IM-B"]
[Site "Budapest"]
[Date "1998.12.10"]
[Round "6"]
[White "Todor, Razvan"]
[Black "Farago, Sandor"]
[Result "0-1"]
[WhiteElo "2205"]
[BlackElo "2335"]

1.e4 c5 2.Nc3 Nc6 3.Nge2 g6 4.d4 cxd4 5.Nxd4 Bg7 6.Nb3 Nf6 7.Be2 O-O 8.O-O d6
9.Kh1 a6 10.a4 b6 11.Bg5 Bb7 12.f4 Nb4 13.Bf3 Qc7 14.Qe2 Rac8 15.Rfe1 e6
16.Rad1 Rfe8 17.Rd2 d5 18.e5 Nd7 19.Bh4 Qc4 20.Rd4 Qxe2 21.Rxe2 Nc6 22.Rd1 h6
23.Bf2 Red8 24.Bh4 Re8 25.Bf2 Bf8 26.h4 h5 27.g4 hxg4 28.Bxg4 Nc5 29.Nd2 Bh6
30.Bg3 Nb4 31.Nf3 Ne4 32.Nxe4 dxe4 33.Nd4 e3+ 34.Kg1 Nd5 35.Bf3 Rc4 36.b3 Rc3
37.Rf1 Re7 38.Be4 Rd7 39.Be1 Rcc7 40.c4 Ne7 41.Bxb7 Rxd4 42.Bxa6 Nf5 43.Bc3 Rd3
44.Be1 Rxb3 45.Kg2 Nd4 46.Ra2 Bf8 47.a5 bxa5 48.Rxa5 Rb2+ 49.Kg3 Rb1  0-1

[Event "AUT-chT2M 9899"]
[Site "Austria"]
[Date "1998.12.12"]
[Round "4"]
[White "Kilgus, Georg"]
[Black "Froeschl, Felix"]
[Result "1/2-1/2"]
[WhiteElo "2210"]
[BlackElo "2240"]

1.e4 c5 2.Nc3 Nc6 3.Nge2 d6 4.d4 cxd4 5.Nxd4 Nf6 6.Bg5 e6 7.Be2 Qa5 8.Bxf6 gxf6
9.O-O a6 10.Kh1 Be7 11.f4 Bd7 12.f5 Nxd4 13.Qxd4 Qc5 14.Rad1 Qxd4 15.Rxd4 h5
16.Rd3 b5 17.Rh3 b4 18.Nd1 Bb5 19.Bxb5+ axb5 20.Rb3 Ra4 21.c3 Rxa2 22.Rxb4 Ra4
23.Rxb5 Rxe4 24.Rb8+ Bd8 25.Nf2 Rf4 26.fxe6 fxe6 27.g3 Rf5 28.Kg2 d5 29.Nd3 Rxf1
30.Kxf1 Kd7 31.Nc5+ Kc7 32.Ra8 Re8 33.b4 e5 34.Ra6 Be7 35.Re6 Kd8 36.Rc6 Rg8
37.b5 Bxc5 38.Rxc5 Kd7 39.Rxd5+ Ke6 40.Rc5 Ra8 41.Rc6+ Kf5 42.c4 Ra2 43.c5 Rb2
44.b6 e4 45.Rd6 e3 46.Ke1 Ke5 47.Kd1 f5 48.Rd8 Ke4 49.c6 Kf3 50.c7 e2+ 51.Kc1 e1=Q+
52.Kxb2 Qb4+ 53.Kc2 Qc4+ 54.Kd2 Qb4+ 55.Kd3 Qb3+  1/2-1/2

[Event "Budapest FS12 GM"]
[Site "Budapest"]
[Date "1998.12.12"]
[Round "8"]
[White "Nguyen Anh Dung"]
[Black "Csiszar, Csaba"]
[Result "1/2-1/2"]
[WhiteElo "2495"]
[BlackElo "2410"]

1.e4 c5 2.Nf3 Nc6 3.Nc3 Nf6 4.d4 cxd4 5.Nxd4 e5 6.Ndb5 d6 7.Bg5 a6 8.Na3 b5
9.Bxf6 gxf6 10.Nd5 f5 11.c3 Bg7 12.exf5 Bxf5 13.Nc2 Ne7 14.Nce3 Be6 15.g3 Nxd5
16.Nxd5 O-O 17.Bg2 Rc8 18.O-O f5 19.a4 bxa4 20.Qxa4 Rc5 21.Rfd1 a5 22.b4 axb4
23.cxb4 Rc8 24.Rac1 Rxc1 25.Rxc1 e4 26.Qc6 Be5 27.b5 Kh8 28.Nc7 Bd7 29.Qd5 Qb8
30.Bf1 Qb6 31.Ne6 Bxe6 32.Qxe6 e3 33.Qe7 exf2+ 34.Kg2 Qd8 35.Qxd8 Rxd8 36.b6 Rb8
37.Rb1 Bd4 38.b7 Kg7 39.Be2 Kf6 40.Bf3 Ke7 41.Rb4 Be3 42.Rc4 Kd7 43.Bd5 Kd8  1/2-1/2

[Event "Skopje op"]
[Site "Skopje"]
[Date "1998.12.12"]
[Round "1"]
[White "Mitkov, Nikola"]
[Black "Karanfiloski, Stane"]
[Result "1-0"]
[WhiteElo "2515"]
[BlackElo "2170"]

1.e4 c5 2.Nc3 Nc6 3.Nf3 d6 4.d4 cxd4 5.Nxd4 g6 6.Bc4 Bd7 7.O-O Bg7 8.Be3 Nf6
9.h3 O-O 10.Re1 Rc8 11.Bb3 Na5 12.Qd3 a6 13.Rad1 b5 14.Nd5 Nxd5 15.exd5 Re8
16.c3 Nc4 17.Bc1 Qc7 18.f4 Qc5 19.Qf3 b4 20.Kh2 a5 21.Re4 Nb6 22.cxb4 axb4
23.f5 Bf6 24.fxg6 hxg6 25.Be3 Qa5 26.Nc6 Rxc6 27.dxc6 Bf5 28.Rf4 Be5 29.Kg1 Bxf4
30.Qxf4 e5 31.Qh6 d5 32.Kh1 Be4 33.Rc1 Nc8 34.c7 Qa8 35.Bg5 Re6 36.Qh4 Qa6
37.Re1 Qd3 38.Be3 f6 39.Ba4 g5 40.Qf2 Re7 41.Qxf6 Rf7 42.Qe6 Kg7 43.Qxe5+ Kh7
44.Kh2 Re7 45.Qg3 g4 46.Bf4 Qa6 47.Bc2 gxh3 48.Bxe4+ dxe4 49.Qxh3+ Kg8 50.Rd1  1-0

[Event "AUT-chT2M 9899"]
[Site "Austria"]
[Date "1998.12.13"]
[Round "5"]
[White "Loidl, Florian"]
[Black "Wallner, Alfred"]
[Result "1-0"]
[WhiteElo "2027"]
[BlackElo "2270"]

1.e4 c5 2.Nc3 Nc6 3.Nge2 e5 4.g3 Nf6 5.Bg2 d6 6.d3 Be7 7.O-O Bd7 8.f4 h5
9.h3 g6 10.Be3 Qc8 11.fxe5 dxe5 12.Kh2 Nd4 13.Qd2 h4 14.Bg5 hxg3+ 15.Kg1 Ng8
16.Nxd4 cxd4 17.Nd5 Bxh3 18.Bxe7 Bxg2 19.Qxg2 Nxe7 20.Qxg3 Rh3 21.Nf6+ Kf8
22.Qxe5 Qxc2 23.Nd7+ Ke8 24.Rxf7 Kxf7 25.Rf1+ Nf5 26.exf5 Rg8 27.f6 Re8 28.Qd5+ Re6
29.Ne5+ Kf8 30.Qd8+ Re8 31.Qd6+ Kg8 32.f7+  1-0

[Event "Skopje op"]
[Site "Skopje"]
[Date "1998.12.13"]
[Round "2"]
[White "Stojcevski, Zoran"]
[Black "Popchev, Milko"]
[Result "1/2-1/2"]
[WhiteElo "2305"]
[BlackElo "2495"]

1.e4 c5 2.Nc3 Nc6 3.Nf3 Nd4 4.Nxd4 cxd4 5.Ne2 d5 6.e5 Qb6 7.c3 dxc3 8.dxc3 e6
9.Nd4 Bd7 10.Qb3 Qc7 11.f4 Ne7 12.Be3 g6 13.Bd3 Nf5 14.Bf2 Be7 15.O-O h5
16.a4 a6 17.Nf3 Rc8 18.Kh1 Bc6 19.Bb6 Qd7 20.Qd1 h4 21.Bxf5 gxf5 22.Nd4 Kf8
23.Rg1 Qe8 24.Qf3 Bd8 25.Bc5+ Be7 26.Bb6 Bd8 27.Bc5+ Be7 28.Bb6 Bd8  1/2-1/2

[Event "Skopje op"]
[Site "Skopje"]
[Date "1998.12.14"]
[Round "3"]
[White "Mitkov, Nikola"]
[Black "Nedev, Trajce"]
[Result "1/2-1/2"]
[WhiteElo "2515"]
[BlackElo "2435"]

1.e4 c5 2.Nc3 Nc6 3.Nge2 Nf6 4.g3 g6 5.Bg2 Bg7 6.O-O O-O 7.Nd5 d6 8.d3 e6
9.Nxf6+ Qxf6 10.c3 Qe7 11.Be3 b6 12.d4 Ba6 13.e5 Rac8 14.Re1 Bxe2  1/2-1/2

[Event "Clichy"]
[Site "Clichy"]
[Date "1998.12.15"]
[Round "4"]
[White "Bergez, Luc"]
[Black "Prie, Eric"]
[Result "0-1"]
[WhiteElo "2420"]
[BlackElo "2465"]

1.e4 c5 2.Nc3 Nc6 3.Nge2 g6 4.d4 cxd4 5.Nxd4 Bg7 6.Be3 Nf6 7.Nxc6 bxc6 8.e5 Nd5
9.Nxd5 cxd5 10.Qxd5 Rb8 11.O-O-O Bb7 12.Qd4 O-O 13.f4 d6 14.Qxa7 Qc8 15.Qd4 dxe5
16.fxe5 Qc7 17.Qc5 Bc6 18.Bd4 Rfd8 19.Bc4 Qb7 20.Rhf1 e6 21.g3 Bg2 22.Rf2 Bh6+
23.Rdd2 Rdc8 24.Qb5 Qe4 25.Rf4 Bxf4 26.gxf4 Rxb5 27.Bxb5 Rxc2+  0-1

[Event "Oxford Grandmasters 'A'"]
[Site "Oxford"]
[Date "1998.12.15"]
[Round "2"]
[White "Rowson, Jonathan"]
[Black "McDonald, Neil R"]
[Result "1/2-1/2"]
[WhiteElo "2495"]
[BlackElo "2490"]

1.e4 c5 2.Nc3 Nc6 3.Nge2 Nf6 4.d4 cxd4 5.Nxd4 e5 6.Ndb5 d6 7.Bg5 a6 8.Na3 b5
9.Nd5 Qa5+ 10.Bd2 Qd8 11.Nxf6+ Qxf6 12.Bd3 Qg6 13.O-O Be7 14.c3 Bg4 15.f3 Bh3
16.Qe2 O-O 17.Nc2 Bg5 18.Rfd1 Be6 19.a4 bxa4 20.Bxg5 Qxg5 21.Rxa4 a5 22.Bc4 Rab8
23.Ne3 Qe7 24.Bd5 Bxd5 25.exd5 Nd8 26.Rxa5 f5 27.Rda1 e4 28.Nc4 Nf7 29.fxe4 fxe4
30.Ra7 Qf6 31.Rf1 Qg6 32.h4 Ne5 33.Rxf8+ Rxf8 34.Nxe5 dxe5 35.Qe3 h6 36.Ra4 Rf4
37.h5 Qg4 38.Ra1 Qxh5 39.Re1 Rh4 40.Qg3 Rh1+ 41.Kf2 Rh4 42.Kg1  1/2-1/2

[Event "Oxford IM"]
[Site "Oxford"]
[Date "1998.12.16"]
[Round "3"]
[White "Ciolac, Gheorghe"]
[Black "Sheldon, Ruth"]
[Result "1-0"]
[WhiteElo "2375"]
[BlackElo "2220"]

1.e4 c5 2.Ne2 Nc6 3.Nbc3 e6 4.g3 d5 5.exd5 exd5 6.Bg2 d4 7.Nd5 Nge7 8.Nef4 Nxd5
9.Nxd5 Bd6 10.O-O Be6 11.c4 Ne7 12.Nxe7 Qxe7 13.d3 O-O 14.Re1 Qd7 15.Qb3 Rab8
16.a4 b6 17.Qb5 Qc7 18.a5 Bd7 19.axb6 axb6 20.Qa6 b5 21.Qa7 Qxa7 22.Rxa7 Bf5
23.Ra6 Bc7 24.Rc6 Rfe8 25.Rxe8+ Rxe8 26.Be4 Bxe4 27.dxe4 Ba5 28.cxb5 d3 29.b6 Bxb6
30.Rxb6 f5 31.Kf1 fxe4 32.Rb5 Rc8 33.Bd2  1-0

[Event "Marshall CC Winter"]
[Site "New York"]
[Date "1998.12.17"]
[Round "6"]
[White "Ashley, Maurice"]
[Black "Waitzkin, Joshua"]
[Result "1/2-1/2"]
[WhiteElo "2490"]
[BlackElo "2480"]

1.e4 c5 2.Nf3 Nc6 3.Nc3 d6 4.Bb5 Bd7 5.O-O Nf6 6.a4 e6 7.d4 cxd4 8.Nxd4 Be7
9.Be3 O-O 10.f4 Rc8 11.Kh1 a6 12.Bd3 e5 13.fxe5 Nxe5 14.Nf5 Bxf5 15.Rxf5 Qd7
16.Bd4 Rfe8 17.Qd2 Bd8 18.Raf1 Re6 19.Qe2 Qc6 20.b3 Qe8 21.Qd1 g6 22.R5f4 Nh5
23.R4f2 Bh4 24.Re2 Rf6 25.Nd5 Rxf1+ 26.Qxf1 Qe6 27.Bxe5 Qxe5 28.Re3 Nf6 29.Nxf6+ Bxf6
30.Rf3 Kg7 31.g3 h5 32.Kg2 Rc5 33.Qe2 Rc8 34.h4 Re8 35.Rf2 Re7 36.Rf3 Qd4
37.Rf2 Qe5  1/2-1/2

[Event "Oxford IM"]
[Site "Oxford"]
[Date "1998.12.20"]
[Round "6"]
[White "Ciolac, Gheorghe"]
[Black "Bates, Richard"]
[Result "1/2-1/2"]
[WhiteElo "2375"]
[BlackElo "2395"]

1.e4 c5 2.Ne2 Nc6 3.Nbc3 d6 4.d4 cxd4 5.Nxd4 Nf6 6.g3 g6 7.Nde2 Bg7 8.Bg2 O-O
9.O-O Bd7 10.h3 Qa5 11.Nd5 Rfc8 12.c3 Nxd5 13.exd5 Ne5 14.Nd4 Nc4 15.Re1 Bf6
16.Re2 Nb6 17.Nb3 Qa4 18.Bh6 Bb5 19.Re4 Bc4 20.Qd2  1/2-1/2

[Event "Oxford Grandmasters 'A'"]
[Site "Oxford"]
[Date "1998.12.23"]
[Round "9"]
[White "Turner, Matthew"]
[Black "Rowson, Jonathan"]
[Result "1/2-1/2"]
[WhiteElo "2475"]
[BlackElo "2495"]

1.e4 c5 2.Nc3 Nc6 3.Bb5 Nd4 4.Bc4 e6 5.Nge2 Nf6 6.O-O b5 7.Nxb5 Nxb5 8.Bxb5 Nxe4
9.d4 Qb6 10.Ba4 cxd4 11.Qxd4 Qxd4 12.Nxd4 Nc5 13.Bb5 Be7 14.b3 Bf6 15.Rd1 a6
16.Be2 Bb7 17.c4 O-O 18.Ba3 Rfc8 19.Rac1 Be7 20.Bf3 Bxf3 21.Nxf3 Ra7 22.Rc2 Kf8
23.Kf1 Ke8 24.Ke2 Rb7 25.Bb2 f6 26.Nd4 g6 27.f4 Kf7 28.Bc3 Ne4 29.Be1 Bc5
30.Kf3 f5 31.Ne2 Nf6 32.h3 Be7 33.Nc1 d6 34.Nd3 Nd7 35.Re2 Bf8 36.g4 Re8
37.Bc3 Rc7 38.h4 Rcc8 39.Bb2 Nf6 40.g5 Ne4 41.Nf2 Nc5 42.Nd3 Ne4 43.Nf2 Nc5  1/2-1/2

[Event "Danube op"]
[Site "Aschach"]
[Date "1998.12.27"]
[Round "2"]
[White "Teske, Henrik"]
[Black "Schirmbeck, Hannes"]
[Result "1-0"]
[WhiteElo "2510"]
[BlackElo "2165"]

1.e4 c5 2.Nf3 Nc6 3.Nc3 e5 4.Bc4 Be7 5.d3 d6 6.Nd2 Nf6 7.Nf1 O-O 8.Ne3 Nd4
9.O-O Bd7 10.a4 a6 11.a5 Nc6 12.Ncd5 Nxd5 13.Nxd5 Bg5 14.Bd2 Bxd2 15.Qxd2 Kh8
16.f4 Rb8 17.f5 f6 18.Kh1 Ne7 19.b4 Nxd5 20.Bxd5 Qc7 21.c4 b6 22.axb6 Rxb6
23.bxc5 Qxc5 24.Qa5 Qd4 25.Rac1 Rfb8 26.Be6 Bc6 27.Qa3 h6 28.c5 dxc5 29.Rxc5 Rd8
30.Bc4 Bb5 31.Rd5 Rxd5 32.Qf8+ Kh7 33.Bxd5  1-0

[Event "Torneo de Pamplona 9th"]
[Site "Pamplona"]
[Date "1998.12.28"]
[Round "2"]
[White "De la Riva Aguado, Oscar"]
[Black "Van Wely, Loek"]
[Result "1/2-1/2"]
[WhiteElo "2510"]
[BlackElo "2635"]

1.e4 c5 2.Nf3 Nc6 3.Nc3 g6 4.d4 cxd4 5.Nxd4 Bg7 6.Be3 Nf6 7.Bc4 O-O 8.Bb3 a5
9.a4 Ng4 10.Qxg4 Nxd4 11.Qh4 Nxb3 12.cxb3 Ra6 13.Nd5 Re6 14.O-O b6 15.Rfd1 Bb7
16.Rd2 f5 17.exf5 gxf5 18.Rad1 Bxd5 19.Rxd5 Qc8 20.g3 Re4 21.Qh5 d6 22.Bxb6 Rb4
23.Bxa5 Rxb3 24.Bc3 Bxc3 25.bxc3 Rf6 26.Qe2 Kf8 27.c4 Rc3 28.Re1 Rf7 29.Rd4 Qc5
30.Rh4 Qb4 31.Qe6 Qxa4 32.c5 Qa3 33.Qh6+ Kg8 34.Qg5+ Kf8 35.Qh6+ Kg8 36.Qg5+ Kf8  1/2-1/2

[Event "Trinec op"]
[Site "Trinec"]
[Date "1998.12.31"]
[Round "6"]
[White "Sikora, Jan"]
[Black "Gross, Stefan"]
[Result "0-1"]
[WhiteElo "2220"]
[BlackElo "2330"]

1.e4 c5 2.Nc3 Nc6 3.Nf3 d6 4.d4 cxd4 5.Nxd4 Nf6 6.Bg5 Qb6 7.Nb3 e6 8.Qd2 a6
9.O-O-O Be7 10.f3 h5 11.Bxf6 gxf6 12.f4 Bd7 13.Be2 O-O-O 14.Bf3 Kb8 15.h4 Na5
16.Qe2 Rc8 17.Bxh5 Nxb3+ 18.axb3 Qa5 19.Bxf7 Qa1+ 20.Nb1 f5 21.exf5 Bf6 22.c4 d5
23.Bxe6 Bxe6 24.fxe6 dxc4 25.Kd2 Qxb2+ 26.Ke1 Qxb3 27.Rh3 Qb4+ 28.Kf1 c3
29.Nxc3 Bxc3 30.f5 Rxh4 31.e7 Rxh3 32.e8=Q Qf4+ 33.Kg1 Bd4+ 34.Rxd4 Qxd4+
35.Qf2 Qxf2+  0-1

[Event "UKR-chT"]
[Site "Alushta"]
[Date "1998.??.??"]
[Round "?"]
[White "Fedorchuk, Sergey A"]
[Black "Stets, Dmitry"]
[Result "1-0"]
[WhiteElo "2345"]
[BlackElo "2420"]

1.e4 c5 2.Nc3 Nc6 3.Nge2 g6 4.d4 cxd4 5.Nxd4 Bg7 6.Be3 Nf6 7.Bc4 O-O 8.Bb3 d6
9.h3 Bd7 10.O-O Rc8 11.f4 a6 12.Nf3 Qc7 13.Qe1 b5 14.a3 e6 15.Qf2 Rb8 16.Rad1 Rfd8
17.Ng5 Na5 18.e5 Ne8 19.Nxf7 Kxf7 20.f5 gxf5 21.Qxf5+ Kg8 22.Qf7+ Kh8 23.Nd5 Qb7
24.Ne7  1-0

[Event "Lost Boys op"]
[Site "Antwerp"]
[Date "1998.??.??"]
[Round "1"]
[White "David, Alberto"]
[Black "Abolianin, Arthur"]
[Result "1-0"]
[WhiteElo "2525"]
[BlackElo "2295"]

1.e4 c5 2.Nf3 Nc6 3.Nc3 g6 4.d4 cxd4 5.Nxd4 Bg7 6.Be3 Nf6 7.Bc4 O-O 8.Bb3 a5
9.O-O a4 10.Nxa4 Nxe4 11.Nxc6 bxc6 12.Bb6 Qe8 13.f3 Nf6 14.Bf2 Ba6 15.Re1 d6
16.c4 c5 17.Nc3 Qd8 18.Qe2 Ra7 19.a4 Qb8 20.Nb5 Rd7 21.Rad1 Rc8 22.Kh1 Nh5
23.Bc2 Nf4 24.Qd2 Ne6 25.Be4 Nd4 26.b4 e5 27.Nxd4 cxd4 28.b5 Bb7 29.a5 Bxe4
30.fxe4 Rxc4 31.b6 d5 32.Rc1 Rxc1 33.Qxc1 dxe4 34.Qc6 Rd8 35.a6 e3 36.Bxe3 Rd6
37.a7 Qf8 38.Qxd6 Qxd6 39.a8=Q+ Bf8 40.Bh6  1-0

[Event "AUT-chT2O 9798"]
[Site "Austria"]
[Date "1998.??.??"]
[Round "13"]
[White "Holzer, Gerhard"]
[Black "Voegel, Wolfgang"]
[Result "1-0"]
[WhiteElo "2245"]
[BlackElo "2225"]

1.e4 c5 2.Nf3 Nc6 3.Nc3 d6 4.d4 cxd4 5.Nxd4 e5 6.Nf3 Be7 7.Be2 Be6 8.O-O h6
9.Nd5 Nf6 10.Nxf6+ Bxf6 11.c4 O-O 12.b3 Be7 13.Ne1 Qd7 14.Nc2 Rac8 15.h3 Bg5
16.Ba3 Rcd8 17.Bg4 Ne7 18.Nb4 f5 19.exf5 Bxf5 20.Nd5 Bxg4 21.Nxe7+ Qxe7 22.Qxg4 Rf4
23.Qe2 Qf7 24.Rad1 Qg6 25.Rd5 Bh4 26.Bc1 Re4 27.Qd3 Kh7 28.Be3 Be7 29.f3 Rh4
30.Qxg6+ Kxg6 31.Bxa7 Rf4 32.Be3 Rf6 33.Rb5 Rd7 34.Rd1 Re6 35.Rdd5 Kf7 36.Rb4 e4
37.f4 g5 38.f5 Re5 39.Rbb5 Bf6 40.g4 Rxd5 41.Rxd5 Rd8 42.a4 Be5 43.Rb5 Rd7
44.Ra5 Kf6 45.Ra7 d5 46.cxd5 Rxd5 47.Rxb7 Bf4 48.Kf2 Rd3 49.Bb6 Rd2+ 50.Ke1 Rc2  1-0

[Event "AUT-chT 9899"]
[Site "AUT"]
[Date "1998.??.??"]
[Round "?"]
[White "Polzin, Rainer"]
[Black "Volkmann, Friedrich"]
[Result "1/2-1/2"]
[WhiteElo "2440"]
[BlackElo "2415"]

1.e4 c5 2.Nc3 Nc6 3.Nge2 g6 4.d4 cxd4 5.Nxd4 Bg7 6.Be3 Nf6 7.Bc4 O-O 8.Bb3 d6
9.f3 Na5 10.Qd2 Nxb3 11.axb3 d5 12.e5 Ne8 13.f4 f6 14.Nf3 Bg4 15.exf6 Nxf6
16.Ne5 a6 17.O-O Bf5 18.h3 Qc7 19.g4 Be6 20.Bd4 Ne4 21.Qe3 g5 22.Nxe4 dxe4
23.Qxe4 Rad8 24.Rad1 Rxf4 25.Rxf4 gxf4 26.Re1 Bd5 27.Qe2 Bxb3 28.c3 Bd5 29.g5 Qc8
30.Ng4 e5 31.Bxe5 Re8 32.Qd2 Qc5+ 33.Kh2 Bxe5 34.Rxe5 Rxe5 35.Nxe5 f3 36.Nd3 Qd6+
37.Nf4 f2 38.Qxf2 Bc6 39.Qd4 Qe7 40.h4 h6 41.Qh8+ Kxh8 42.Ng6+ Kg7 43.Nxe7 hxg5
44.hxg5 Be4 45.Kg3 Kf7 46.Kf4 Bb1 47.Nf5 Ke6 48.Ne3 a5 49.Nc4 a4 50.Nb6 Bc2
51.Ke3 Kf5 52.Kd4 Kxg5 53.Nc8 Bd1 54.Nd6 Bf3 55.Kc5 Kf6 56.Kb6 Ke6 57.Nxb7 Bxb7
58.Kxb7 Kd5 59.Kb6 Kc4 60.Ka5 Kb3 61.c4 a3 62.bxa3 Kxc4  1/2-1/2

[Event "Bad Wildungen op"]
[Site "Bad Wildungen"]
[Date "1998.??.??"]
[Round "1"]
[White "Mueller, Achim"]
[Black "Schracke, Guido"]
[Result "0-1"]
[WhiteElo "2205"]
[BlackElo "2085"]

1.e4 c5 2.Nf3 Nc6 3.Nc3 d6 4.d4 cxd4 5.Nxd4 Nf6 6.Be2 g6 7.O-O Bg7 8.Be3 O-O
9.Nb3 a6 10.f4 b5 11.Bf3 Bb7 12.e5 Ne8 13.exd6 Nxd6 14.Nc5 Qc8 15.Nd5 Nc4
16.Bf2 Rd8 17.Qe1 Rb8 18.Rd1 e6 19.Bg4 Re8 20.b3 f5 21.Nc7 Qxc7 22.Rd7 Qc8
23.Bf3 Nb6 24.Rd6 Nd5 25.Qd2 Bc3 26.Qd1 Nd8 27.Rd7 Bc6 28.Ra7 Nxf4 29.Bd4 Bxf3
30.Rxf3 Bxd4+  0-1

[Event "Baunatal op 4th"]
[Site "Baunatal"]
[Date "1998.??.??"]
[Round "5"]
[White "Pasalic, Mehmed"]
[Black "Majer, Damir"]
[Result "1/2-1/2"]
[WhiteElo "2350"]
[BlackElo "2295"]

1.e4 c5 2.Nf3 Nc6 3.Nc3 d6 4.d4 cxd4 5.Nxd4 Nf6 6.Be2 e6 7.O-O Be7 8.Be3 O-O
9.Nb3 a6 10.a4 Na5 11.Nxa5 Qxa5 12.f4 Bd7  1/2-1/2

[Event "Baunatal op 4th"]
[Site "Baunatal"]
[Date "1998.??.??"]
[Round "7"]
[White "Hagenauer, Joerg"]
[Black "Solonar, Stephan"]
[Result "0-1"]
[WhiteElo "2110"]
[BlackElo "2315"]

1.e4 c5 2.Nf3 Nc6 3.Nc3 e5 4.Bc4 Be7 5.d3 Nf6 6.O-O d6 7.a3 Bg4 8.h3 Bh5
9.Be3 Qd7 10.Nd5 Nxd5 11.Bxd5 O-O 12.c3 Bg6 13.Qd2 Kh8 14.g4 h5 15.Nh2 hxg4
16.hxg4 Kh7 17.Kg2 Rh8 18.Rh1 Kg8 19.f3 Bh4 20.Rag1 Ne7 21.Ba2 d5 22.Rd1 Rd8
23.Qc2 Qd6 24.Nf1 dxe4 25.Ng3 exf3+ 26.Kxf3 Qf6+ 27.Kg2 Qc6+ 28.Ne4 Rxd3
29.Bxf7+ Kxf7 30.Rhf1+ Ke8 31.Rxd3 Bxe4+  0-1

[Event "Regionalliga NO9899"]
[Site "Bayern"]
[Date "1998.??.??"]
[Round "?"]
[White "Ertl, Rolf"]
[Black "Ponnath, Lorenz"]
[Result "1/2-1/2"]
[WhiteElo "2125"]
[BlackElo "2075"]

1.e4 c5 2.Nc3 Nc6 3.Nge2 g6 4.d4 cxd4 5.Nxd4 Bg7 6.Nde2 d6 7.g3 b5 8.Bg2 b4
9.Nd5 Rb8 10.O-O e6 11.Ne3 Nge7 12.c4 bxc3 13.Nxc3 O-O 14.Qd2 Nd4 15.Rd1 Nec6
16.b3 Qa5 17.Bb2 Ba6 18.Na4 Qxa4 19.bxa4 Rxb2 20.Qe1 Ne2+ 21.Kh1 Bc3 22.Qf1 Nb4
23.Rxd6 Nxg3+ 24.hxg3 Bxf1 25.Rxf1 Rxa2 26.Rd7 a5 27.Ng4 Kg7 28.Ne3 Rxa4
29.Bh3 Nc6 30.Bxe6 Ne5 31.Rc7 Rxe4 32.Nc4 Nxc4 33.Bxc4 Re1 34.Kg2 Rxf1 35.Kxf1 Bb4
36.Ra7 g5 37.Kg2 Kg6 38.g4 Kf6 39.Kf3 Ke5 40.Rxf7 Kd4 41.Rxf8 Bxf8 42.Bb5 h6
43.Be8 Kc3 44.Ke4 Kb4 45.Kd3 a4 46.Kc2 a3 47.Bf7 Bd6  1/2-1/2

[Event "Oberliga Bayern9798"]
[Site "Bayern"]
[Date "1998.??.??"]
[Round "?"]
[White "Velicka, Petr"]
[Black "Wach, Markus"]
[Result "1/2-1/2"]
[WhiteElo "2430"]
[BlackElo "2390"]

1.e4 c5 2.Nf3 Nc6 3.Nc3 a6 4.g3 d6 5.Bg2 g6 6.d4 Bg4 7.Ne2 Bg7 8.d5 Bxf3
9.Bxf3 Ne5 10.Bg2 Nf6 11.O-O O-O 12.f4 Ned7 13.h3 b5 14.g4 Ne8 15.Ng3 b4
16.Kh2 Rb8 17.Re1 Nc7 18.Nf1 Nb5 19.Ne3 a5 20.Bf1 a4 21.Bxb5  1/2-1/2

[Event "Landesliga Nord 9899"]
[Site "Bayern"]
[Date "1998.??.??"]
[Round "?"]
[White "Halbritter, Josef"]
[Black "Kreuzer, Gerhard"]
[Result "1/2-1/2"]
[WhiteElo "2060"]
[BlackElo "2180"]

1.e4 c5 2.Nf3 Nc6 3.Nc3 g6 4.d4 cxd4 5.Nxd4 Bg7 6.Be3 d6 7.Qd2 Nf6 8.f3 Bd7
9.O-O-O a6 10.g4 h6 11.h4 b5 12.Be2 Qa5 13.Kb1 Ne5 14.g5 hxg5 15.hxg5 Nh5
16.f4 Nc4 17.Bxc4 bxc4 18.Nd5 Qxd2 19.Rxd2 Rc8 20.Nb6 Rc7 21.Nxd7 Kxd7 22.e5 c3
23.Rd3 cxb2 24.Nb3 Rhc8 25.exd6 exd6 26.Rhd1 Bf8 27.Nd4 Ng3 28.Rg1 Nf5 29.Nxf5 gxf5
30.Rd2 Re8 31.Bd4 Re4  1/2-1/2

[Event "Landesliga Nord 9899"]
[Site "Bayern"]
[Date "1998.??.??"]
[Round "?"]
[White "Pauli, Alexander"]
[Black "Oehrlein, Thomas"]
[Result "1-0"]
[WhiteElo "2095"]
[BlackElo "2130"]

1.e4 c5 2.Nf3 Nc6 3.Nc3 e6 4.Be2 a6 5.O-O Nd4 6.d3 Ne7 7.Bg5 Qc7 8.Qd2 Nec6
9.Nxd4 Nxd4 10.f4 b5 11.Rae1 Bb7 12.Bg4 h5 13.Bh3 f6 14.Bh4 Be7 15.f5 b4
16.Nd1 e5 17.c3 Nb5 18.Ne3 Qa5 19.c4 Nd4 20.Ra1 O-O-O 21.Nc2 Qb6 22.Nxd4 exd4
23.e5 Rde8 24.Bg3 fxe5 25.Bxe5 Bf6 26.Bf4 Be5 27.a3 Bxf4 28.Qxf4 Re2 29.axb4 Qxb4
30.f6 Qxb2 31.Qg3 gxf6 32.Rab1 Qd2 33.Bxd7+ Kd8 34.Rxb7  1-0